000 00929nam a22003017a 4500
001 8255
003 FISKH
005 20250905102313.0
008 250905b cb ||||| |||| 00| 0 eng d
020 _a9781564025081
040 _aFISKH
_beng
_cFISKH
_dFISKH
050 _aPZ10.C859 F
082 _a823.914
100 _aCrebbin, June
_d(1938-)
245 _aFly by night /
_cBy June Crebbin ; illustrated by Stehen Lambert
250 _aThis edition first published in 1993
260 _aMassachusetts :
_bCandlewick,
_c1993
300 _a26 unnumbered pages :
_bcolor illustrations ;
_c26 cm
505 _aG
520 _aA young owl eagerly awaits the nighttime to make his first flight with his mother.
521 8 _a350
_bLexile
521 8 _aG
_bRaz-Plus
650 _2Nighttime
_aFamily
650 _2Birds
_aAnimals
700 _aLambert, Stephen
_dillustrator
942 _2ddc
_cBK
_n0
999 _c8255
_d8255